|
|
|
|
| LEADER |
00808nab a2200241 i 4500 |
| 001 |
publ30655 |
| 005 |
20241014130308.0 |
| 008 |
241014s2006 hu o 000 hun d |
| 022 |
|
|
|a 1217-7962
|
| 024 |
7 |
|
|a 1419487
|2 mtmt
|
| 040 |
|
|
|a SZTE Publicatio Repozitórium
|b hun
|
| 041 |
|
|
|a hun
|
| 100 |
1 |
|
|a Forgács Péter
|
| 245 |
1 |
0 |
|a Thrombocyta aggregáció-gátló kezelés a cerebrovascularis kórképek terápiájában
|h [elektronikus dokumentum] /
|c Forgács Péter
|
| 260 |
|
|
|c 2006
|
| 300 |
|
|
|a 6
|
| 300 |
|
|
|a 2-7
|
| 490 |
0 |
|
|a AGYÉRBETEGSÉGEK
|v 12 No. 4
|
| 650 |
|
4 |
|a Általános orvostudomány
|
| 700 |
0 |
1 |
|a Sztriha László Krisztián
|e aut
|
| 700 |
0 |
1 |
|a Sas Katalin
|e aut
|
| 700 |
0 |
1 |
|a Vécsei László
|e aut
|
| 856 |
4 |
0 |
|u http://publicatio.bibl.u-szeged.hu/30655/1/aok_klny_454_06.pdf
|z Dokumentum-elérés
|